000 00229nam a22000857a 4500
008 160718b xxu||||| |||| 00| 0 eng d
100 _92991
_a Nahar, N.S., et al
245 _aHome Science - Class IX
260 _aAgra
_b Oswal
_cMCMXCVIII
999 _c2554
_d2554